| 000 | 00686nam a2200253Ia 4500 | ||
|---|---|---|---|
| 003 | 0100 | ||
| 005 | 20161201115804.0 | ||
| 008 | 130303s9999 xx 000 0 und d | ||
| 020 | _a0869226371 | ||
| 040 | _cARRUPELIB | ||
| 050 | _aHF5459.Z55K55 1996 | ||
| 100 |
_aKileff, Clive _927804 |
||
| 245 | _aStreet sellers of Zimbabwe stone sculpture | ||
| 245 | _bartists and entrepreneurs | ||
| 260 | _aGweru | ||
| 260 | _bMambo Press | ||
| 300 | _a68p. | ||
| 300 | _b 24cm | ||
| 650 |
_bPeddling _zZimbabwe _927805 |
||
| 650 |
_bStone curving _zZimbabwe _927806 |
||
| 650 |
_bSculptors _xBiography _zZimbabwe _927807 |
||
| 700 |
_aKileff, Maricarol _927808 |
||
| 942 |
_2lcc _cSPC |
||
| 999 |
_c58939 _d58939 |
||